00337 2200145 4500001002100000005001500021035002000036245004100056100001800097300001200115260003600127082000800163084000800171990001200179INLIS00000000000198520250527081907 a0010-05250002771 aSayap - Sayap Patah /cKahlil Gibran0 aKahlil Gibran a144 hlm aYogyakarta :bDiva Press,c2003 a813 a813 a0712664